1000 1717 1329 1375 1264 1379 1454 1584 1340 1686 1351 1883 1972 1381 1165 1552 1390 1603 1746 1567 1011 1568 1032 1584 1009 1874 1588 1123 1096 1628 1623 1427 1447 1732 1008 1202 1244 1486 1924 1649 1339 1292 1279 1487 1920 1636 1293 1556 1093 1934 1586 1122 1907 1106 1678 1763 1278 1944 1471 1933 1544 1934 1632 1578 1778 1827 1647 1193 1557 1384 1054 1250 1201 1890 1623 1062 1390 1005 1486 1746 1094 1627 1521 1295 1119 1312 1826 1507 1756 1698 1218 1546 1756 1630 1134 1505 1949 1971 1952 BCNSPRNW ULIB Ver.6.0+V

เปลี่ยนเป็นภาษาไทย

Change to English
 แสดงรายละเอียดบรรณานุกรม
  กลับหน้าหลัก

Brief Record : Get Marc (ISO 2709) : E-mail record : QR code < ปิดหน้าต่าง
LEADER : 00000nam 2200000uu 4500
001    13399115009
003     ULIB
008    120629s2552||||th 000 0 tha d
020    9786117055010
082 0  นว.^bม674ส
090    นว.^bม674ส
100 0  Moony
245 00 สงครามเจ้าอเวจี/^cMoony
260    กรุงเทพฯ :^bตะวันสอง,^c2552
300    274 หน้า
945    ^p175^l0^i026535
995    ทศพร
999 ^a ใช้งานได้ทุกระบบ
รายการนี้ยังไม่มีแท็ก
คุณยังไม่ได้ล็อกอิน คุณสามารถมีกิจกรรมร่วมกับเว็บไซต์ได้ แต่ต้องล็อกอินก่อน ::
  ล็อกอิน

รายการสื่อสารสนเทศ

ลำดับที่ ประเภท เลขเรียก/บาร์โค้ด สถานที่ สถานะ
1. นวนิยาย
นวนิยาย
นว. ม674สนว. ม674ส  
  Barcode: 026535
ห้องสมุดวิทยาเขตสวรรค์ประชารักษ์
►นวนิยาย
บนชั้น
  ขอยืม

BibComment


ยังไม่เคยถูกคอมเมนท์

คอมเมนท์ทรัพยากรรายการนี้
  คอมเมนท์: สงครามเจ้าอเวจี M..


 Copyright 2026. Bcnsprnw @Library